European Championship Teams of the Tournament 1960-2024 - Statistics

General Stats
  • This quiz has been taken 17 times
  • The average score is 88 of 241
Answer Stats
Tournament Nation Position Player % Correct
1976 Yugoslavia West Germany Forward Dieter Muller
93%
1972 Belgium West Germany Forward Gerd Muller
93%
1980 Italy West Germany Midfielder Hansi Muller
93%
2008 Austria & Switzerland Spain Midfielder Xavi
87%
2012 Poland & Ukraine Spain Midfielder Xavi
87%
2008 Austria & Switzerland Spain Midfielder Andres Iniesta
80%
2012 Poland & Ukraine Spain Midfielder Andres Iniesta
80%
2004 Portugal Portugal Forward Cristiano Ronaldo
80%
2016 France Portugal Forward Cristiano Ronaldo
80%
2008 Austria & Switzerland Spain Forward Fernando Torres
80%
2024 Germany France Goalkeeper Mike Maignan
80%
2008 Austria & Switzerland Germany Defender Philipp Lahm
80%
2012 Poland & Ukraine Germany Defender Philipp Lahm
80%
2008 Austria & Switzerland Italy Goalkeeper Gianluigi Buffon
73%
2012 Poland & Ukraine Italy Goalkeeper Gianluigi Buffon
73%
2020 Multiple Hosts Italy Goalkeeper Gianluigi Donnarumma
73%
2008 Austria & Switzerland Spain Goalkeeper Iker Casillas
73%
2012 Poland & Ukraine Spain Goalkeeper Iker Casillas
73%
2024 Germany Spain Forward Lamine Yamal
73%
2024 Germany Switzerland Defender Manuel Akanji
73%
2012 Poland & Ukraine Germany Goalkeeper Manuel Neuer
73%
2024 Germany Spain Forward Nico Williams
73%
2020 Multiple Hosts Belgium Forward Romelu Lukaku
73%
2024 Germany France Defender William Saliba
73%
1992 Sweden Denmark Midfielder Brian Laudrup
67%
2008 Austria & Switzerland Spain Midfielder Cesc Fabregas
67%
2012 Poland & Ukraine Spain Forward Cesc Fabregas
67%
2024 Germany Germany Forward Jamal Musiala
67%
2020 Multiple Hosts England Defender Kyle Walker
67%
2024 Germany England Defender Kyle Walker
67%
2020 Multiple Hosts Italy Defender Leonardo Bonucci
67%
2000 Belgium & Netherlands Portugal Midfielder Luis Figo
67%
2004 Portugal Portugal Midfielder Luis Figo
67%
2008 Austria & Switzerland Croatia Midfielder Luka Modric
67%
2024 Germany Spain Defender Marc Cucurella
67%
1996 England France Defender Marcel Desailly
67%
2000 Belgium & Netherlands France Defender Marcel Desailly
67%
1984 France France Midfielder Michel Platini
67%
2008 Austria & Switzerland Portugal Defender Pepe
67%
2012 Poland & Ukraine Portugal Defender Pepe
67%
2016 France Portugal Defender Pepe
67%
2024 Germany Spain Midfielder Rodri
67%
2012 Poland & Ukraine Spain Defender Sergio Ramos
67%
2000 Belgium & Netherlands France Forward Thierry Henry
67%
2016 France Germany Midfielder Toni Kroos
67%
2000 Belgium & Netherlands France Midfielder Zinedine Zidane
67%
2004 Portugal France Midfielder Zinedine Zidane
67%
2000 Belgium & Netherlands Italy Defender Alessandro Nesta
60%
2012 Poland & Ukraine Italy Midfielder Andrea Pirlo
60%
2008 Austria & Switzerland Spain Defender Carles Puyol
60%
2024 Germany Spain Midfielder Dani Olmo
60%
1996 England England Goalkeeper David Seaman
60%
2012 Poland & Ukraine Spain Forward David Silva
60%
2008 Austria & Switzerland Spain Forward David Villa
60%
2000 Belgium & Netherlands France Goalkeeper Fabien Barthez
60%
2020 Multiple Hosts Italy Forward Federico Chiesa
60%
2000 Belgium & Netherlands Netherlands Defender Frank de Boer
60%
2020 Multiple Hosts England Defender Harry Maguire
60%
2020 Multiple Hosts Italy Midfielder Jorginho
60%
1960 France Soviet Union Goalkeeper Lev Yashin
60%
1964 Spain Soviet Union Goalkeeper Lev Yashin
60%
1988 West Germany West Germany Midfielder Lothar Matthaus
60%
1988 West Germany Netherlands Forward Marco van Basten
60%
1992 Sweden Netherlands Forward Marco van Basten
60%
2004 Portugal Germany Midfielder Michael Ballack
60%
2008 Austria & Switzerland Germany Midfielder Michael Ballack
60%
2020 Multiple Hosts England Forward Raheem Sterling
60%
2016 France Portugal Goalkeeper Rui Patricio
60%
2012 Poland & Ukraine Sweden Forward Zlatan Ibrahimovic
60%
2016 France Wales Midfielder Aaron Ramsey
53%
2008 Austria & Switzerland Russia Forward Andrey Arshavin
53%
2016 France France Midfielder Antoine Griezmann
53%
1996 England Croatia Forward Davor Suker
53%
2008 Austria & Switzerland Netherlands Goalkeeper Edwin van der Sar
53%
2024 Germany Spain Midfielder Fabian
53%
2000 Belgium & Netherlands Italy Defender Fabio Cannavaro
53%
2004 Portugal England Midfielder Frank Lampard
53%
1972 Belgium West Germany Defender Franz Beckenbauer
53%
1976 Yugoslavia West Germany Defender Franz Beckenbauer
53%
2012 Poland & Ukraine Spain Defender Gerard Pique
53%
1996 England Bulgaria Forward Hristo Stoichkov
53%
2016 France Germany Defender Jerome Boateng
53%
1992 Sweden France Defender Laurent Blanc
53%
1996 England France Defender Laurent Blanc
53%
2000 Belgium & Netherlands France Defender Laurent Blanc
53%
2000 Belgium & Netherlands France Defender Lilian Thuram
53%
1988 West Germany Italy Defender Paolo Maldini
53%
1996 England Italy Defender Paolo Maldini
53%
2000 Belgium & Netherlands Italy Defender Paolo Maldini
53%
1992 Sweden Denmark Goalkeeper Peter Schmeichel
53%
2004 Portugal Netherlands Forward Rudd van Nistelrooy
53%
1988 West Germany Netherlands Midfielder Ruud Gullit
53%
1992 Sweden Netherlands Midfielder Ruud Gullit
53%
2012 Poland & Ukraine Spain Midfielder Sergio Busquets
53%
2012 Poland & Ukraine England Midfielder Steven Gerrard
53%
1996 England England Forward Alan Shearer
47%
1984 France West Germany Defender Andreas Brehme
47%
1992 Sweden Germany Defender Andreas Brehme
47%
1992 Sweden Netherlands Forward Dennis Bergkamp
47%
2000 Belgium & Netherlands Italy Forward Francesco Totti
47%
2004 Portugal Sweden Forward Henrik Larsson
47%
2012 Poland & Ukraine Spain Defender Jordi Alba
47%
2020 Multiple Hosts Italy Defender Leonardo Spinazzola
47%
2012 Poland & Ukraine Italy Forward Mario Balotelli
47%
1996 England England Midfielder Paul Gascoigne
47%
2004 Portugal Czech Republic Midfielder Pavel Nedved
47%
2020 Multiple Hosts Spain Midfielder Pedri
47%
2004 Portugal Czech Republic Goalkeeper Petr Cech
47%
2020 Multiple Hosts Denmark Midfielder Pierre-Emile Hojbjerg
47%
2000 Belgium & Netherlands Spain Forward Raul
47%
2004 Portugal Portugal Defender Ricardo Carvalho
47%
1996 England Portugal Midfielder Rui Costa
47%
2000 Belgium & Netherlands Portugal Midfielder Rui Costa
47%
2004 Portugal England Forward Wayne Rooney
47%
2008 Austria & Switzerland Netherlands Midfielder Wesley Sneijder
47%
2012 Poland & Ukraine Spain Midfielder Xabi Alonso
47%
2012 Poland & Ukraine Italy Midfielder Daniele De Rossi
40%
2016 France France Midfielder Dimitri Payet
40%
1968 Italy Italy Goalkeeper Dino Zoff
40%
1980 Italy Italy Goalkeeper Dino Zoff
40%
2000 Belgium & Netherlands Netherlands Midfielder Edgar Davids
40%
2004 Portugal Italy Defender Gianluca Zambrotta
40%
2016 France Wales Midfielder Joe Allen
40%
2016 France Germany Defender Joshua Kimmich
40%
2012 Poland & Ukraine Germany Midfielder Mesut Ozil
40%
2000 Belgium & Netherlands Netherlands Forward Patrick Kluivert
40%
1972 Belgium West Germany Defender Paul Breitner
40%
1988 West Germany Netherlands Defender Ronald Koeman
40%
2004 Portugal Greece Forward Angelos Charisteas
33%
2004 Portugal England Defender Ashley Cole
33%
1968 Italy England Defender Bobby Moore
33%
1996 England France Midfielder Didier Deschamps
33%
1964 Spain Hungary Forward Florian Albert
33%
1988 West Germany Netherlands Defender Frank Rijkaard
33%
1968 Italy Italy Defender Giacinto Facchetti
33%
1980 Italy West Germany Forward Karl-Heinz Rummenigge
33%
1996 England Germany Defender Matthias Sammer
33%
2004 Portugal Czech Republic Forward Milan Baros
33%
2004 Portugal England Defender Sol Campbell
33%
1984 France France Midfielder Alain Giresse
27%
2012 Poland & Ukraine Portugal Defender Fabio Coentrao
27%
2000 Belgium & Netherlands Italy Goalkeeper Francesco Toldo
27%
2008 Austria & Switzerland Turkey Midfielder Hamit Altintop
27%
1984 France West Germany Goalkeeper Harald Schumacher
27%
2004 Portugal Denmark Forward Jon Dahl Tomasson
27%
1968 Italy Italy Forward Luigi Riva
27%
2016 France Portugal Defender Raphael Guerreiro
27%
1976 Yugoslavia Netherlands Defender Ruud Krol
27%
2012 Poland & Ukraine Germany Midfielder Sami Khedira
27%
1988 West Germany Netherlands Goalkeeper Hans van Breukelen
20%
1984 France France Midfielder Jean Tigana
20%
1960 France Czechoslovakia Midfielder Josef Masopust
20%
1992 Sweden Germany Defender Jurgen Kohler
20%
1964 Spain Spain Forward Luis Suarez
20%
2000 Belgium & Netherlands Portugal Forward Nuno Gomes
20%
2008 Austria & Switzerland Russia Forward Roman Pavlyuchenko
20%
1984 France West Germany Forward Rudi Voller
20%
2004 Portugal Greece Midfielder Theodoros Zagorakis
20%
1996 England France Forward Youri Djorkaeff
20%
1996 England Germany Goalkeeper Andreas Kopke
13%
1976 Yugoslavia Czechoslovakia Midfielder Antonin Panenka
13%
2004 Portugal Greece Goalkeeper Antonios Nikopolidis
13%
1980 Italy Italy Defender Claudio Gentile
13%
1980 Italy Italy Defender Gaetano Scirea
13%
1968 Italy England Forward Geoff Hurst
13%
1988 West Germany Italy Forward Gianluca Vialli
13%
1988 West Germany Italy Defender Giuseppe Bergomi
13%
2008 Austria & Switzerland Portugal Defender Jose Bosingwa
13%
1972 Belgium West Germany Forward Jupp Heynckes
13%
1996 England Czech Republic Midfielder Karel Poborsky
13%
2008 Austria & Switzerland Germany Midfielder Lukas Podolski
13%
2008 Austria & Switzerland Spain Midfielder Marcos Senna
13%
1980 Italy Italy Midfielder Marco Tardelli
13%
2004 Portugal Sweden Defender Olof Mellberg
13%
2000 Belgium & Netherlands Serbia and Montenegro Forward Savo Milosevic
13%
1992 Sweden Germany Midfielder Stefan Effenberg
13%
1992 Sweden Germany Midfielder Thomas Hassler
13%
1972 Belgium West Germany Midfielder Uli Hoeness
13%
2008 Austria & Switzerland Russia Defender Yuri Zhirkov
13%
1980 Italy West Germany Midfielder Bernd Schuster
7%
2000 Belgium & Netherlands Italy Midfielder Demetrio Albertini
7%
1972 Belgium West Germany Midfielder Gunter Netzer
7%
1980 Italy West Germany Forward Horst Hrubesch
7%
1976 Yugoslavia Czechoslovakia Goalkeeper Ivo Viktor
7%
1980 Italy Belgium Midfielder Jan Ceulemans
7%
1988 West Germany Netherlands Midfielder Jan Wouters
7%
1984 France Portugal Defender Joao Pinto
7%
1980 Italy West Germany Defender Karlheinz Forster
7%
1984 France West Germany Defender Karlheinz Forster
7%
2004 Portugal Portugal Midfielder Maniche
7%
1960 France Yugoslavia Forward Milan Galic
7%
1984 France Denmark Defender Morten Olsen
7%
2000 Belgium & Netherlands France Midfielder Patrick Viera
7%
1996 England Czech Republic Forward Pavel Kuka
7%
1968 Italy Italy Midfielder Sandro Mazzola
7%
1968 Italy Soviet Union Defender Albert Shesternyov
0%
1968 Italy Italy Midfielder Angelo Domenghini
0%
1976 Yugoslavia Czechoslovakia Defender Anton Ondrus
0%
1964 Spain Spain Midfielder Armancio Amaro
0%
1960 France Yugoslavia Midfielder Bora Kostic
0%
2008 Austria & Switzerland Spain Defender Carlos Marchena
0%
1964 Spain Spain Midfielder Chus Pereda
0%
2012 Poland & Ukraine Portugal Forward Cristiano Ronalo
0%
1964 Spain Hungary Defender Dezso Novak
0%
1996 England Germany Midfielder Dieter Eilts
0%
1968 Italy Yugoslavia Midfielder Dragan Dzajic
0%
1976 Yugoslavia Yugoslavia Midfielder Dragan Dzajic
0%
1960 France Yugoslavia Midfielder Dragoslav Sekularac
0%
1964 Spain Spain Defender Feliciano Rivilla
0%
1964 Spain Hungary Forward Ferenc Bene
0%
1984 France Portugal Midfielder Fernando Chalana
0%
1964 Spain Spain Defender Ferran Olivelal
0%
1984 France Denmark Midfielder Frank Arnesen
0%
2004 Portugal Greece Defender Giourkas Seitaridis
0%
1988 West Germany Italy Midfielder Giuseppe Giannini
0%
1980 Italy West Germany Defender Hans-Peter Briegel
0%
1972 Belgium West Germany Midfielder Herbert Wimmer
0%
1964 Spain Spain Midfielder Ignacio Zoco
0%
1960 France Soviet Union Midfielder Igor Netto
0%
1968 Italy Yugoslavia Midfielder Ivica Osim
0%
1976 Yugoslavia Czechoslovakia Defender Jan Pivarnik
0%
1976 Yugoslavia Czechoslovakia Midfielder Jaroslav Pollak
0%
1992 Sweden France Defender Jocelyn Angloma
0%
2008 Austria & Switzerland Russia Midfielder Konstantin Zyryanov
0%
1960 France Czechoslovakia Defender Ladislav Novak
0%
1968 Italy Yugoslavia Defender Mirsad Fazlagic
0%
1972 Belgium Soviet Union Defender Murtaz Khurtsilava
0%
2000 Belgium & Netherlands Spain Midfielder Pep Guardiola
0%
1996 England Czech Republic Defender Radoslav Latal
0%
1976 Yugoslavia West Germany Midfielder Rainer Bonhof
0%
1972 Belgium Belgium Forward Raoul Lambert
0%
1972 Belgium Soviet Union Defender Revaz Dzodzuashvili
0%
1960 France Soviet Union Forward Slava Metreveli
0%
1996 England England Midfielder Steve McManaman
0%
2004 Portugal Greece Defender Traianos Dellas
0%
1960 France Soviet Union Midfielder Valentin Ivanov
0%
1964 Spain Soviet Union Midfielder Valentin Ivanov
0%
1960 France Soviet Union Forward Viktor Ponedelnik
0%
1960 France Yugoslavia Defender Vladimir Durkovic
0%
1972 Belgium Soviet Union Goalkeeper Yevhen Rudakov
0%
1976 Yugoslavia Czechoslovakia Forward Zdenek Nehoda
0%
No matching quizzes found
Score Distribution
Percent of People with Each Score
Percentile by Number Answered
Your Score History
You have not taken this quiz